000 00649nam a2200229Ia 4500
005 20240401105403.0
008 140110s9999 xx 000 0 und d
020 _a9788184572544
_cRs.1100.00
040 _aLoreto College
041 _aEnglish
082 _a420.7
_bSHA
100 _aSharma, Yogendra K.
245 _aConceptual and practical aspects of english teaching
_cYogendra K. Sharma & Madhulika Sharma
260 _aNew Delhi
_bKanishka Publishers
_c2011
300 _axvii,476p.
504 _aIncludes index
650 _aEnglish
651 _aEnglish teaching
700 _aSharma, Madhulika
850 _aLCBED
942 _cBK
999 _c38083
_d88562